000 00178 a2200097 4500
020 _a805219368503
041 _aspa
100 _aDisney
245 _aDiseਠun Perro
942 _cK
999 _c31261
_d31259